Coastal strategic overview (Record no. 107748)

MARC details
000 -LEADER
fixed length control field 01439cad a22002415a 4500
001 - CONTROL NUMBER
control field L141725
008 - FIXED-LENGTH DATA ELEMENTS--GENERAL INFORMATION
fixed length control field 071217e20071213xxk f f000 0 eng d
035 ## - SYSTEM CONTROL NUMBER
System control number (Sirsi) u141725
041 0# - LANGUAGE CODE
Language code of text/sound track or separate title eng
050 04 - LIBRARY OF CONGRESS CALL NUMBER
Classification number 627.4 $2 18
110 1# - MAIN ENTRY--CORPORATE NAME
Corporate name or jurisdiction name as entry element United Kingdom
Subordinate unit Department for Environment, Food and Rural Affairs
240 ## - UNIFORM TITLE
Uniform title Making space for water
-- Environment Agency strategic overview: sea flooding and coastal erosion
245 00 - TITLE STATEMENT
Title Coastal strategic overview
Remainder of title implementation plan
Medium [electronic resource]
260 ## - PUBLICATION, DISTRIBUTION, ETC.
Place of publication, distribution, etc. London
Name of publisher, distributor, etc. DEFRA
Date of publication, distribution, etc. 2007
520 ## - SUMMARY, ETC.
Summary, etc. Aims to facilitate the identification and long-term management of flood and coastal erosion risk management works. Sets out the key actions which need to be taken for implementation, including joint actions between DEFRA and the Environment Agency. Identifies five main strands for implementation: governance, legislation, relationships and communications, Shoreline Management Plans and the delivery of coastal works. Covers each of these in greater detail.
521 1# - TARGET AUDIENCE NOTE
Target audience note Advanced
590 ## - LOCAL NOTE (RLIN)
Local note KA
651 #4 - SUBJECT ADDED ENTRY--GEOGRAPHIC NAME
Geographic name United Kingdom
Chronological subdivision
690 ## - LOCAL SUBJECT ADDED ENTRY--TOPICAL TERM (OCLC, RLIN)
Topical term or geographic name as entry element ENVIRONMENTAL AND LAND CONSULTANCY-WATER RESOURCE MANAGEMENT-FLOODING
690 ## - LOCAL SUBJECT ADDED ENTRY--TOPICAL TERM (OCLC, RLIN)
Topical term or geographic name as entry element PROPERTY-RURAL AND NATURAL ASSETS-RURAL AND NATURAL ASSET MANAGEMENT-COASTAL MANAGEMENT
856 40 - ELECTRONIC LOCATION AND ACCESS
Uniform Resource Identifier <a href="https://archive.defra.gov.uk/environment/flooding/documents/policy/strategy/coastimp.pdf">https://archive.defra.gov.uk/environment/flooding/documents/policy/strategy/coastimp.pdf</a>
Public note View the item free of charge at defra.gov.uk
942 ## - ADDED ENTRY ELEMENTS (KOHA)
Suppress in OPAC 0
Holdings
Withdrawn status Lost status Source of classification or shelving scheme Damaged status Not for loan Home library Current library Shelving location Date acquired Total Checkouts Full call number Barcode Date last seen Copy number Price effective from Koha item type
    Dewey Decimal Classification     Virtual Virtual Online 17/12/2007   ONLINE PUBLICATION 141725-1001 06/08/2019 1 06/08/2019 Book